• 首页
  • 本馆介绍
  • 公告通知
  • 最新文献
  • 馆藏检索
  • 电子资源
  • 读者导购
  • 参考咨询
  • 我的图书馆
  • 登录
  • 详细信息显示
  • 放入我的书架
  • 预约/预借图书
  • 作者相关作品
  • 分类相关作品
  • 丛书相关作品
  • 出版社相关作品

书目信息

  • 表格格式
  • 工作单格式
  • 卡片格式
题名:
综合知识应试指南
    
 
作者: 史承民 主编
分册:  
出版信息: 石家庄   河北人民出版社  1998
页数: 300页
开本: 26cm
丛书名:
单 册:
中图分类: D630.3
科图分类:
主题词: 政治--中国
电子资源:
ISBN: 7-202-02421-7
000 00641nam0 2200205 450
001 0764595103
005 20070710105203.64
010    @a7-202-02421-7@dCNY26.00
100    @a20070703d1998 km y0chiy0120 ea
101 0  @achi
102    @aCN@b130000
200 1  @a综合知识应试指南@Azong he zhi shi ying shi zhi nan@f史承民主编@Fshi cheng min zhu bian
210    @a石家庄@c河北人民出版社@d1998
215    @a300页@d26cm
300    @a河北省人事厅录用考试中心组织编写 国家公务员录用考试自学辅导用书
606 0  @a政治@x中国
690    @aD630.3@v3
701  0 @a史承民@Ashi cheng min@4主编
801  0 @aCN@bPFT@c20070710
905    @a10447@dD630.3@e104
    
    综合知识应试指南/史承民主编.-石家庄:河北人民出版社,1998
    300页;26cm
    河北省人事厅录用考试中心组织编写 国家公务员录用考试自学辅导用书
    
    ISBN 7-202-02421-7:CNY26.00
    
●
相关链接 在E读中查询图书 在五车中查询图书 在当当中查询图书 在豆瓣中查询图书


正题名:综合知识应试指南     索取号:D630.3/104         预约/预借

序号 登录号 条形码 馆藏地/架位号 状态 备注
1 0764966   207649669   第一样本阅览室/ [索取号:D630.3/104] 在馆    
唐山师范学院图书馆 欢迎您!
大连网信软件有限公司© 版权所有